Purposive communication / Ernesto SJ. Cledera, II [and five others]. (Record no. 21569)

000 -LEADER
fixed length control field 00558nam a22001697a 4500
020 ## - INTERNATIONAL STANDARD BOOK NUMBER
ISBN 9786210800111
082 ## - DEWEY DECIMAL CLASSIFICATION NUMBER
Classification number 302.2
Item number C6239 2023
100 ## - MAIN ENTRY--AUTHOR NAME
Personal name Cledera, Ernesto SJ., II, author.
245 ## - TITLE STATEMENT
Title Purposive communication / Ernesto SJ. Cledera, II [and five others].
250 ## - EDITION STATEMENT
Edition statement Revised edition.
260 ## - PUBLICATION, DISTRIBUTION, ETC. (IMPRINT)
Place of publication Malabon City :
Name of publisher Mutya Publishing House, Inc.,
Year of publication ©2023.
300 ## - PHYSICAL DESCRIPTION
Number of Pages 220 pages :
Other physical details illustrations ; 26 cm.
500 ## - GENERAL NOTE
General note Includes bibliographical references.
650 ## - SUBJECT ADDED ENTRY--TOPICAL TERM
Topical Term Interpersonal communication.
650 ## - SUBJECT ADDED ENTRY--TOPICAL TERM
Topical Term Communication.
942 ## - ADDED ENTRY ELEMENTS (KOHA)
Koha item type Books
Holdings
Source of acquisition Permanent Location Date acquired Koha item type Collection code Accession Number Lost status Shelving location Withdrawn status Current Location Full call number
SchoolCagayan State University - Carig Library2025-12-04BooksSocial Sciences011265 General Collection Cagayan State University - Carig Library302.2 C6239 2023
SchoolCagayan State University - Carig Library2025-12-04BooksSocial Sciences011266 General Collection Cagayan State University - Carig Library302.2 C6239 2023
SchoolCagayan State University - Carig Library2025-12-04BooksSocial Sciences011267 General Collection Cagayan State University - Carig Library302.2 C6239 2023

Cagayan State University University Library, Carig Campus
Tuguegarao City, Cagayan 3500 | www.csucarig.edu.ph

Powered by Koha